000 00599nam a2200241 a 4500
001 0001-1116
003 ELIB.Books
008 150430 2010 eng
020 _a9971948419
035 _a(ELIB.Books)0001-1271
092 _a230-082
_bCCA
100 _aCCA
245 _aReading The Bible as Asian Women
260 _aSingapore
_bWomen's Concern Unit
_c1986
300 _a99
_c23 Cm
500 _aLibrary
650 _aFeminist Theology
856 _nKBTS: Library
_uKBTS: Elib
942 _2ddc
_cBK
990 _a1
998 _cbat
_e2015-04-30
999 _c11116
_d11116